000 00905nam a22002417a 4500
999 _c13909
_d13909
003 MIRAKIL
005 20200817172334.0
008 200817b tu ||||| |||| 00| 0 tur d
040 _aTR-AnCHP
_btur
_cTR-AnCHP
041 _atur
082 _a818.4103
_bA24t 1998
100 _aAdıvar, Halide Edip
_d1884 - 1964
245 _aTürkün ateşle imtihanı :
_bİstiklal savaşı anıları/
_cHalide Edip Adıvar.
246 _aİstiklal savaşı anıları
260 _aİstanbul:
_bYenigün Haber Ajansı,
_c1998.
300 _a3 c.:
_c18 sm.
600 1 4 _91962
_aAdıvar, Halide Edip
_d1884 - 1964
_xKurtuluş Savaşı
_xAnılar
650 _aKurtuluş Savaşı, Edebiyatta
_xRoman
651 _aTürkiye
_xTarih
_yKurtuluş Savaşı, 1918-1923
740 _aİstiklal savaşı anıları
856 _zDijital Nüshası için Partimizin Kütüphane Sorumlusu ile iletişime geçiniz.
942 _2ddc
_cBKS